[Event "GER-chT School WK Girls"]
[Site "Playchess.com INT"]
[Date "2020.06.17"]
[Round "5.1"]
[White "Geletzke, Hannah"]
[Black "Schubert, Arlene"]
[Result "1-0"]
[WhiteElo "1609"]
[BlackElo "2017"]
[PlyCount "111"]
[EventDate "2020.06.10"]
[EventType "team-swiss (blitz)"]
[EventRounds "7"]
[EventCountry "GER"]
[SourceTitle "EXT 2021"]
[Source "ChessBase"]
[SourceDate "2020.10.23"]
[SourceVersion "1"]
[SourceVersionDate "2020.10.23"]
[SourceQuality "1"]
[WhiteTeam "Erfurt Alb Schweitzer Gymn"]
[BlackTeam "Buchholz San Annaberg"]
[WhiteTeamCountry "GER"]
[BlackTeamCountry "GER"]

1. e4 c5 2. Nf3 d6 3. d4 cxd4 4. Nxd4 Nf6 5. Nc3 a6 6. Be3 e6 7. f3 Be7 8. Qd2 b5 9. Be2 Bb7 10. 0-0 0-0 11. Rad1 Nbd7 12. Nb3 d5 13. exd5 Nxd5 14. Bd4 N7f6 15. f4 Rc8 16. Nxd5 Bxd5 17. Bf3 a5 18. Bxf6 Bxf3 19. Qxd8 Rfxd8 20. Rxd8+ Bxd8 21. Bxd8 Rxd8 22. Rxf3 a4 23. Nc5 Rd1+ 24. Rf1 Rd2 25. Rf2 Rd5 26. Nd3 Kf8 27. Kf1 Ke7 28. Ke1 Kd6 29. Rd2 f6 30. Nb4 Rxd2 31. Kxd2 Kc5 32. Nd3+ Kd4 33. c3+ Ke4 34. Nc5+ Kd5 35. Nd7 h6 36. Kd3 g5 37. Nxf6+ Kd6 38. fxg5 hxg5 39. Ne4+ Ke5 40. Nxg5 Kf5 41. Nf3 e5 42. Ke3 Ke6 43. h4 Kf5 44. h5 Kf6 45. g4 Ke6 46. g5 Kf5 47. h6 Kg6 48. Nxe5+ Kh7 49. Kf4 Kg8 50. g6 Kh8 51. h7 Kg7 52. Kg5 b4 53. cxb4 a3 54. bxa3 Kh8 55. Nf7+ Kg7 56. h8Q# 1-0

[Event "GER-chT School WK Girls"]
[Site "Playchess.com INT"]
[Date "2020.06.17"]
[Round "7.1"]
[White "Lerndorfer, Lea"]
[Black "Schubert, Arlene"]
[Result "0-1"]
[WhiteElo "1400"]
[BlackElo "2017"]
[PlyCount "70"]
[EventDate "2020.06.10"]
[EventType "team-swiss (blitz)"]
[EventRounds "7"]
[EventCountry "GER"]
[SourceTitle "EXT 2021"]
[Source "ChessBase"]
[SourceDate "2020.10.23"]
[SourceVersion "1"]
[SourceVersionDate "2020.10.23"]
[SourceQuality "1"]
[WhiteTeam "Niederalteich St Gotth"]
[BlackTeam "Buchholz San Annaberg"]
[WhiteTeamCountry "GER"]
[BlackTeamCountry "GER"]

1. e4 c5 2. d3 d6 3. Nf3 e6 4. Nfd2 g6 5. Nc4 Bg7 6. Qf3 Ne7 7. h4 b5 8. Nca3 a6 9. Rh3 Bb7 10. Qf4 e5 11. Qg5 0-0 12. h5 Nec6 13. Qg4 Bc8 14. Qh4 Bxh3 15. Qxh3 Qd7 16. Qh4 Qe7 17. Bg5 f6 18. Be3 f5 19. Qh3 Nd7 20. hxg6 hxg6 21. g4 fxe4 22. dxe4 Nf6 23. Bh6 Nxe4 24. Bxg7 Qxg7 25. c4 Nxf2 26. Qb3 Nd4 27. Qc3 b4 28. Qd2 Nf3+ 29. Kxf2 Nxd2+ 30. Ke3 Qh6+ 31. Kd3 e4+ 32. Kc2 Nxf1 33. Nd2 Qxd2+ 34. Kb3 a5 35. Nb5 a4# 0-1

[Event "BL2 Ost 1920 (Women)"]
[Site "Germany"]
[Date "2020.02.15"]
[Round "6.5"]
[White "Schubert, Arlene"]
[Black "Giebel, Christine"]
[Result "0-1"]
[WhiteElo "1575"]
[BlackElo "1841"]
[PlyCount "94"]
[EventDate "2019.09.14"]
[EventType "team-tourn"]
[EventRounds "7"]
[EventCountry "GER"]
[SourceTitle "EXT 2021"]
[Source "ChessBase"]
[SourceDate "2020.10.23"]
[SourceVersion "1"]
[SourceVersionDate "2020.10.23"]
[SourceQuality "1"]
[WhiteTeam "Chemnitz Aufbau (W)"]
[BlackTeam "Loeberitz (W)"]
[WhiteTeamCountry "GER"]
[BlackTeamCountry "GER"]

1. e4 e6 2. d4 d5 3. exd5 exd5 4. Bd3 Nf6 5. Bf4 Be7 6. Ne2 0-0 7. c3 Re8 8. 0-0 Nbd7 9. Qc2 Nf8 10. Nd2 Bg4 11. Rfe1 Nh5 12. Bg3 Bg5 13. f3 Nxg3 14. Nxg3 Bd7 15. Ndf1 g6 16. b3 Ne6 17. Ne2 Qf6 18. Qb2 Re7 19. c4 Bc6 20. Nfg3 Be3+ 21. Kh1 Nxd4 22. Red1 Qe5 23. Rab1 Nxe2 24. Nxe2 d4 25. b4 a6 26. Qa1 Rae8 27. b5 axb5 28. cxb5 Bd5 29. a4 Bf2 30. Rb4 Qg5 31. Rf1 Rxe2 32. Bxe2 Rxe2 33. Qd1 Qd2 34. Qxd2 Rxd2 35. a5 Ra2 36. h3 Be3 37. a6 bxa6 38. bxa6 Rxa6 39. Rb5 c6 40. Rb8+ Kg7 41. Rd1 Ra2 42. Rb4 Rc2 43. Ra4 c5 44. Ra3 Be6 45. Kh2 c4 46. Re1 Bf4+ 47. Kg1 d3 0-1

[Event "BL2 Ost 1920 (Women)"]
[Site "Germany"]
[Date "2019.09.14"]
[Round "1.5"]
[White "Schubert, Arlene"]
[Black "Heyme, Sibylle"]
[Result "0-1"]
[WhiteElo "1575"]
[BlackElo "2041"]
[PlyCount "76"]
[EventDate "2019.09.14"]
[EventType "team-tourn"]
[EventRounds "7"]
[EventCountry "GER"]
[SourceTitle "EXT 2021"]
[Source "ChessBase"]
[SourceDate "2020.10.23"]
[SourceVersion "1"]
[SourceVersionDate "2020.10.23"]
[SourceQuality "1"]
[WhiteTeam "Chemnitz Aufbau (W)"]
[BlackTeam "Pankow Rotation (W)"]
[WhiteTeamCountry "GER"]
[BlackTeamCountry "GER"]

1. e4 d6 2. d4 Nf6 3. Nc3 g6 4. Bc4 c6 5. Bb3 b5 6. a3 Bg7 7. Nge2 0-0 8. 0-0 Nbd7 9. Ng3 Ba6 10. Nce2 c5 11. c3 h5 12. f3 Rc8 13. Bd2 Qb6 14. Be3 Qb7 15. Nf4 e6 16. Qd2 b4 17. Rfc1 bxc3 18. Rxc3 cxd4 19. Bxd4 Rxc3 20. Qxc3 e5 21. Nxg6 exd4 22. Qc2 Nc5 23. Ba2 Re8 24. Nf5 d3 25. Qc3 Na4 26. Qd2 Qxb2 27. Qxb2 Nxb2 28. Ne3 d5 29. Nf4 dxe4 30. fxe4 Rxe4 31. Nfd5 Nxd5 32. Nxd5 Bd4+ 33. Kh1 d2 34. h3 Re1+ 35. Rxe1 dxe1Q+ 36. Kh2 Be5+ 37. g3 Qxg3+ 38. Kh1 Qh2# 0-1